<The> Educational system marketization mechanism in the Slovak republic in the context of dynamic changes in economic opportunities, and education policy
Empirická analýza vplyvu marketizácie na verejné školstvo formou rozhovorov s 10 riaditeľmi bratislavských škôl a škôlok v roku 2016. Vplyv súkromného sektora, riaditeľ ako manažér.
Na minha lista:
| Autor principal: | |
|---|---|
| Outros Autores: | , |
| Formato: | Capítulo de Livro |
| Idioma: | inglês |
| Assuntos: | |
| Tags: |
Sem tags, seja o primeiro a adicionar uma tag!
|
MARC
| LEADER | 00000naa$a2200000$$$4500 | ||
|---|---|---|---|
| 001 | 0236331 | ||
| 005 | 20240502083630.4 | ||
| 041 | 0 | |a eng | |
| 044 | |a MA | ||
| 245 | 1 | 0 | |a <The> Educational system marketization mechanism in the Slovak republic in the context of dynamic changes in economic opportunities, and education policy |c Veronica Kitová Mazalánová, Pavol Kita, Peter Kita |
| 520 | |a Empirická analýza vplyvu marketizácie na verejné školstvo formou rozhovorov s 10 riaditeľmi bratislavských škôl a škôlok v roku 2016. Vplyv súkromného sektora, riaditeľ ako manažér. | ||
| 610 | 2 | 0 | |a sústava výchovno-vzdelávacia |
| 610 | 2 | 0 | |a inštitúcie vzdelávacie |
| 610 | 2 | 0 | |a školy |
| 610 | 2 | 0 | |a školy základné |
| 610 | 2 | 0 | |a politika vzdelávania |
| 610 | 2 | 0 | |a Slovensko |
| 610 | 2 | 0 | |a analýza empirická |
| 100 | 1 | |a Kitová Mazalánová, Veronika | |
| 700 | 1 | |a Kita, Pavol | |
| 700 | 1 | |a Kita, Peter | |